Statystyki dla Wszyscy władcy w Twierdzy Krzyżowiec 2

Kliknij tutaj aby rozwiązać quiz!

Ogólne statystyki

  • Ten quiz został rozwiązany 5 razy
  • Średni wynik to 7 z 16

Statystyki odpowiedzi

HintOdpowiedź% Poprawnych
Kalif
100%
Saladyn
100%
Szczur
100%
DLCWieprz
100%
Wilk
100%
Ryszard
75%
DLCImperator
25%
Król Niewolników
25%
Szach
25%
DLCSzakal
25%
DLCChan
0%
DLCKsiąże
0%
DLCKsiężniczka
0%
DLCPustelnik
0%
Sułtanka
0%
DLCTemplariusz
0%

Rozkład punktacji

Percentyl według liczby udzielonych odpowiedzi

Procent ludzi z każdym wynikiem

Twoja historia wyników

Nie rozwiązałeś tego quizu